Česko-ruský, rusko-český slovník managementu

Salvato in:
Dettagli Bibliografici
Autore principale: Vavrečka, Mojmír
Altri autori: Lednický, Václav
Natura: Libro
Lingua:ceco
russo
Pubblicazione: Brno Computer Press 2006
Serie:Jazyky
Soggetti:
Tags: Aggiungi Tag
Nessun Tag, puoi essere il primo ad aggiungerne!!

MARC

LEADER 00000nam$a2200000$$$4500
001 0040525
005 20240104115212.9
020 |a 80-251-0521-0 
041 0 |a cze 
041 0 |a rus 
044 |a CZ 
245 1 0 |a Česko-ruský, rusko-český slovník managementu  |c Mojmír Vavrečka, Václav Lednický 
264 1 |a Brno  |b Computer Press  |c 2006 
300 |a 380 s. 
490 1 |a Jazyky 
830 0 |a Jazyky 
610 2 0 |a jazyky cudzie 
610 2 0 |a terminológia 
610 2 0 |a manažment 
610 2 0 |a riadenie 
100 1 |a Vavrečka, Mojmír 
700 1 |a Lednický, Václav